00417nam a22001457a 450000500170000000800410001702000160005804100120007408200120008610000120009824500520011026000510016230000330021365000250024620240816073353.0240816b |||||||| |||| 00| 0 eng d a04060628987 aEnglish a349 ALL lEnglish aThe All England Law Reports: Annual Review 1996 aLondon: bButterworth and Company Ltd , c1997 bxxxvii, 518 pages; c25 cm.  aLegal practice bLaw